000 00461nam a22001697a 4500
005 20230112121349.0
008 220209b ||||| |||| 00| 0 eng d
020 _a81-239-1426-1
041 _aeng
082 _a615.19
100 _aSHARMA VARUN DUTT, AND PANDEY, S.K
_96994
245 _aPHARMACOGNOSY PRACTICAL NOTEBOOK: FOR 1ST YEAR DIPLOMA IN PHARMACY
260 _aNEW DELHI
_bCBS
300 _a179;p
650 _aPHARMACY
_xB.PHARMA
_97083
942 _cBK
999 _c7870
_d7868